Statistiques concernant Paroles : "Tout le monde y pense" - Francis Cabrel

Cliquez ici pour prendre le quiz!

Statistiques générales

  • Ce quiz a été pris 20 fois
  • Le résultat moyen est 128 sur 178

Statistiques - réponses

Paroles% Correct
à
100%
a
100%
ces
100%
Ces
100%
hommes
100%
le
100%
Les
100%
les
100%
monde
100%
pense
100%
Tout
100%
tout
100%
Y
100%
y
100%
de
93%
C'est
86%
Des
86%
des
86%
En
86%
en
86%
femmes
86%
gens
86%
plus
86%
qui
86%
son
86%
Son
86%
au
79%
billet
79%
D'amour
79%
d'amour
79%
distance
79%
enfants
79%
retour
79%
Sur
79%
sur
79%
vautours
79%
anges
71%
ça
71%
Dans
71%
d'avance
71%
mais
71%
perdu
71%
s'en
71%
veut
71%
arrière-cours
64%
bras
64%
dansent
64%
leur
64%
pour
64%
trop
64%
courts
57%
Et
57%
l'arrière
57%
l'monde
57%
lourds
57%
vous
57%
ait
50%
aux
50%
balance
50%
bout
50%
espère
50%
Même
50%
pas
50%
Personne
50%
plein
50%
s'avancent
50%
attendent
43%
billets
43%
casques
43%
ciel
43%
éclat
43%
lancent
43%
leurs
43%
silence
43%
Sous
43%
tenant
43%
urgences
43%
cailloux
36%
Celui
36%
chance
36%
d'alcool
36%
immenses
36%
inonde
36%
pierres
36%
soldats
36%
abats-jour
29%
brûle
29%
cherchant
29%
cheveux
29%
collés
29%
épaules
29%
lumières
29%
pistes
29%
Puisqu'il
29%
trempées
29%
vers
29%
caves
21%
petit-jour
7%
S'envolent
7%
s'éparpillent
7%

Distribution des résultats

Percentile par nombre de réponses

% des personnes avec chaque résultat

Votre développement - résultats

Vous n’avez pas pris ce quiz